Statistics for Zelda Enemies By Picture: Ocarina of Time

Click here to take the quiz!

General Stats

  • This quiz has been taken 62 times
  • The average score is 12 of 24

Answer Stats

Answer% Correct
Skulltula
88%
Poe
86%
Dodongo
79%
Gold Skulltula
79%
Lizalfos
76%
ReDead
76%
Octorok
71%
Stalfos
67%
Deku Scrub
64%
Keese
64%
Moblin
64%
Like Like
62%
Wolfos
55%
Deku Baba
52%
Gibdo
50%
Beamos
33%
Peahat
33%
Stalchild
33%
Armos
26%
White Wolfos
26%
Freezard
17%
Leever
17%
Guay
12%
Torch Slug
7%

Score Distribution

Percentile by Number Answered

Percent of People with Each Score

Your Score History

You have not taken this quiz